Statistiken für Pinke Flaggen

Klicken Sie hier um das Quiz zu spielen!

Allgemein

  • Dieses Quiz wurde 197 mal gespielt
    (194 seit der letzten Aktualisierung)
  • Das Durchschnittsergebnis liegt bei 11 aus 18

Antwortstatistiken

HintAntwort% Korrekt
grün
93%
gelb
82%
rot
78%
rot
77%
grün
74%
rot
70%
blau
62%
blau
59%
schwarz
59%
gelb
58%
orange
58%
schwarz
54%
gelb
49%
schwarz
48%
weiß
42%
blau
40%
orange
35%
weiß
34%

Verteilung der Resultate

Perzentil nach korrekt beantworteten Fragen

Anzahl Personen mit jedem Resultat

Ihre Resultats-Entwicklung

Sie haben dieses Quiz seit der letzten Aktualisierung nicht gespielt